Notes on magnetism for the use of students of electrical engineering /

Bibliographic Details
Main Author: Lamb, Charles George, 1867-
Format: Book
Language:English
Published: Cambridge : University press, 1932.
Subjects:

MARC

Tag First Indicator Second Indicator Subfields
LEADER 00000cam a2200000 i 4500
001 in00000053282
005 20151007070200.0
008 760810s1932 enk b 00110 eng d
035 |a (OCoLC)02364004 
035 |9 AAE3503AM 
040 |a GAT  |c GAT  |d TXA  |d UtOrBLW 
049 |a TXAM 
090 |a QC753  |b .L2 1932 
092 |a 538  |b L218n, 1932 
100 1 |a Lamb, Charles George,  |d 1867- 
245 1 0 |a Notes on magnetism for the use of students of electrical engineering /  |c by C. G. Lamb ... 
264 1 |a Cambridge :  |b University press,  |c 1932. 
300 |a viii, 99 pages ;  |c 22 cm. 
336 |a text  |b txt  |2 rdacontent 
337 |a unmediated  |b n  |2 rdamedia 
338 |a volume  |b nc  |2 rdacarrier 
504 |a "Works of reference": pages [vi] 
650 0 |a Magnetism. 
999 |a MARS 
999 f f |s cd4132fb-2c93-3b32-8972-6b255a164951  |i 2319f22c-5568-3abb-8bfb-714d33f621d5  |t 0 
952 f f |p normal  |a Texas A&M University  |b College Station  |c Sterling C. Evans Library  |d Evans: Library Stacks  |t 0  |e QC753 .L2 1932  |h Library of Congress classification  |i unmediated -- volume  |m A14800926106 
998 f f |a QC753 .L2 1932  |t 0  |l Evans: Library Stacks